Turkey : 2007 Article IV Consultation; Staff Report; Public Information Notice on the Executive Board Discussion; and Statement by the Executive Director for Turkey.

The staff report for the 2007 Article IV Consultation highlights Turkey's economic revival and policies to entrench macroeconomic stability. Turkey has experienced an impressive economic revival in recent years. Exports have continued to gain market shares, as the effects of an appreciating cur...

Descripció completa

Dades bibliogràfiques
Autor corporatiu: International Monetary Fund
Format: Revista
Idioma:English
Publicat: Washington, D.C. : International Monetary Fund, 2007.
Col·lecció:IMF Staff Country Reports; Country Report ; No. 2007/362
Accés en línia:Full text available on IMF
LEADER 01690cas a2200241 a 4500
001 AALejournalIMF009673
008 230101c9999 xx r poo 0 0eng d
020 |c 5.00 USD 
020 |z 9781451838213 
022 |a 1934-7685 
040 |a BD-DhAAL  |c BD-DhAAL 
110 2 |a International Monetary Fund. 
245 1 0 |a Turkey :   |b 2007 Article IV Consultation; Staff Report; Public Information Notice on the Executive Board Discussion; and Statement by the Executive Director for Turkey. 
264 1 |a Washington, D.C. :  |b International Monetary Fund,  |c 2007. 
300 |a 1 online resource (75 pages) 
490 1 |a IMF Staff Country Reports 
500 |a <strong>Off-Campus Access:</strong> No User ID or Password Required 
500 |a <strong>On-Campus Access:</strong> No User ID or Password Required 
506 |a Electronic access restricted to authorized BRAC University faculty, staff and students 
520 3 |a The staff report for the 2007 Article IV Consultation highlights Turkey's economic revival and policies to entrench macroeconomic stability. Turkey has experienced an impressive economic revival in recent years. Exports have continued to gain market shares, as the effects of an appreciating currency have been largely offset by productivity gains. Executive Directors considered that Turkey needs to manage vulnerabilities carefully and address structural challenges to increase the economy's growth potential and resilience to shocks. 
538 |a Mode of access: Internet 
830 0 |a IMF Staff Country Reports; Country Report ;  |v No. 2007/362 
856 4 0 |z Full text available on IMF  |u http://elibrary.imf.org/view/journals/002/2007/362/002.2007.issue-362-en.xml  |z IMF e-Library